000 00298nam a2200121Ia 4500
008 191201s2008 xx 000 0 und d
100 _aRAO,V.S.P.
245 0 _aHuman Resource Management text and cases
260 _aN. Delhi
_bExcel Books
_c2008
300 _a709
650 _aBBA
942 _2ddc
_cBK
999 _c6566
_d6566